000 00258nam a2200097Ia 4500
001 729636
005 20250826163531.0
008 250824s9999 xx 000 0 und d
245 0 _aBİR DELİNİN HATIRA DEFTERİ
_cNİKOLAY V. GOGOL
260 _bANONİM YAYINLARI
999 _c729636
_d729636